Sports Quiz

Random Sports or Grab Bag Quiz

Countries in Women's Olympic 4 x 100m Relay Final Quiz Stats

 Plays Quiz not verified by Sporcle

Score 0/154 Timer 05:00
1 Play Today
Hint Answer % Correct
London 2012United States
100%
Athens 2004United States
100%
Sydney 2000United States
100%
Atlanta 1996United States
100%
Barcelona 1992United States
100%
Seoul 1988United States
100%
Los Angeles 1984United States
100%
Montreal 1976United States
100%
Munich 1972United States
100%
Mexico City 1968United States
100%
Tokyo 1964United States
100%
Rome 1960United States
100%
Melbourne 1956United States
100%
Helsinki 1952United States
100%
Berlin 1936United States
100%
Los Angeles 1932United States
100%
Amsterdam 1928United States
100%
Rio de Janeiro 2016United States
100%
Beijing 2008Great Britain
99%
Atlanta 1996Great Britain
99%
Los Angeles 1984Great Britain
99%
Moscow 1980Great Britain
99%
Montreal 1976Great Britain
99%
Munich 1972Great Britain
99%
Mexico City 1968Great Britain
99%
Tokyo 1964Great Britain
99%
Rome 1960Great Britain
99%
Melbourne 1956Great Britain
99%
Helsinki 1952Great Britain
99%
London 1948Great Britain
99%
Berlin 1936Great Britain
99%
Los Angeles 1932Great Britain
99%
Rio de Janeiro 2016Great Britain
98.7%
Rio de Janeiro 2016Jamaica
97.7%
London 2012Jamaica
97.5%
Beijing 2008Jamaica
97.5%
Athens 2004Jamaica
97.5%
Sydney 2000Jamaica
97.5%
Atlanta 1996Jamaica
97.5%
Barcelona 1992Jamaica
97.5%
Seoul 1988Jamaica
97.5%
Los Angeles 1984Jamaica
97.5%
Moscow 1980Jamaica
97.5%
Montreal 1976Jamaica
97.5%
Athens 2004France
95.4%
Sydney 2000France
95.4%
Atlanta 1996France
95.4%
Barcelona 1992France
95.4%
Seoul 1988France
95.4%
Los Angeles 1984France
95.4%
Moscow 1980France
95.4%
Mexico City 1968France
95.4%
Hint Answer % Correct
Tokyo 1964France
95.4%
Amsterdam 1928France
95.4%
London 2012Germany
95.2%
Beijing 2008Germany
95.2%
Sydney 2000Germany
95.2%
Barcelona 1992Germany
95.2%
Tokyo 1964Germany
95.2%
Rome 1960Germany
95.2%
Melbourne 1956Germany
95.2%
Helsinki 1952Germany
95.2%
Berlin 1936Germany
95.2%
Los Angeles 1932Germany
95.2%
Amsterdam 1928Germany
95.2%
Rio de Janeiro 2016Germany
94.4%
Sydney 2000China
94.4%
Beijing 2008Russia
94.1%
Athens 2004Russia
94.1%
Sydney 2000Russia
94.1%
Atlanta 1996Russia
94.1%
Barcelona 1992Unified Team
93.9%
Seoul 1988Soviet Union
93.9%
Moscow 1980Soviet Union
93.9%
Montreal 1976Soviet Union
93.9%
Munich 1972Soviet Union
93.9%
Mexico City 1968Soviet Union
93.9%
Tokyo 1964Soviet Union
93.9%
Rome 1960Soviet Union
93.9%
Melbourne 1956Soviet Union
93.9%
Helsinki 1952Soviet Union
93.9%
Seoul 1988East Germany
93.5%
Moscow 1980East Germany
93.5%
Montreal 1976East Germany
93.5%
Munich 1972East Germany
93.5%
Los Angeles 1932Japan
92.5%
Atlanta 1996Australia
92.3%
Barcelona 1992Australia
92.3%
Montreal 1976Australia
92.3%
Munich 1972Australia
92.3%
Mexico City 1968Australia
92.3%
Tokyo 1964Australia
92.3%
Melbourne 1956Australia
92.3%
Helsinki 1952Australia
92.3%
London 1948Australia
92.3%
Los Angeles 1984Canada
91.4%
Montreal 1976Canada
91.4%
London 1948Canada
91.4%
Berlin 1936Canada
91.4%
Los Angeles 1932Canada
91.4%
Amsterdam 1928Canada
91.4%
Seoul 1988West Germany
90%
Los Angeles 1984West Germany
90%
Montreal 1976West Germany
90%
Hint Answer % Correct
Munich 1972West Germany
90%
Mexico City 1968West Germany
90%
Rio de Janeiro 2016Canada
89.8%
Rome 1960Italy
89.5%
Melbourne 1956Italy
89.5%
Berlin 1936Italy
89.5%
Amsterdam 1928Italy
89.5%
London 2012Netherlands
88.9%
Mexico City 1968Netherlands
88.9%
Helsinki 1952Netherlands
88.9%
London 1948Netherlands
88.9%
Berlin 1936Netherlands
88.9%
Los Angeles 1932Netherlands
88.9%
Amsterdam 1928Netherlands
88.9%
London 2012Brazil
86.6%
Beijing 2008Brazil
86.6%
Moscow 1980Sweden
85.4%
Beijing 2008Poland
82.8%
Seoul 1988Poland
82.8%
Moscow 1980Poland
82.8%
Munich 1972Poland
82.8%
Tokyo 1964Poland
82.8%
Rome 1960Poland
82.8%
London 2012Trinidad and Tobago
80.5%
Los Angeles 1984Trinidad and Tobago
80.5%
Rio de Janeiro 2016Trinidad and Tobago
80.2%
Beijing 2008Belgium
75.9%
Athens 2004Belgium
75.9%
Rio de Janeiro 2016Ukraine
74.9%
Rio de Janeiro 2016Nigeria
74.9%
London 2012Ukraine
74.7%
London 2012Nigeria
72%
Beijing 2008Nigeria
72%
Athens 2004Nigeria
72%
Sydney 2000Nigeria
72%
Atlanta 1996Nigeria
72%
Barcelona 1992Nigeria
72%
Athens 2004Bahamas
71.5%
Sydney 2000Bahamas
71.5%
Atlanta 1996Bahamas
71.5%
Los Angeles 1984Bahamas
71.5%
Tokyo 1964Hungary
70.7%
Barcelona 1992Cuba
70.3%
Munich 1972Cuba
70.3%
Mexico City 1968Cuba
70.3%
London 1948Denmark
62.8%
London 1948Austria
62.3%
Seoul 1988Bulgaria
56.9%
Moscow 1980Bulgaria
56.9%
Athens 2004Belarus
48.1%

You're not logged in!

Compare scores with friends on all Sporcle quizzes.
OR
Log In

Sporcle TV

Today on Sporcle TV


Watch our educational content, quiz creation guides, and fun videos on Sporcle TV.

Show Comments

Extras

Top Quizzes Today


Score Distribution

Your Account Isn't Verified!

In order to create a playlist on Sporcle, you need to verify the email address you used during registration. Go to your Sporcle Settings to finish the process.

Report this User

Report this user for behavior that violates our Community Guidelines.

Details: